01832nam a2200421 a 4500001001200000003000800012006001900020007001500039008004100054010001700095020003900112020002200151040002100173035002000194050002200214082001700236100002700253245011500280260006300395300002400458490004200482504005100524533015200575650004300727650004300770650004900813650005800862650005300920650006200973651005001035651003501085651005801120655002901178710001701207830004301224856012601267999001701393ebr10041253CaPaEBRm u cr cn|||||||||990917s2000 ncua sb s001 0 eng  z 99048082  z0807825433 (cl. : acid-free paper) z0807848565 (pbk.) aCaPaEBRcCaPaEBR a(OCoLC)5347194414aF865b.R64 2000eb04a979.4/042211 aRoberts, Brian,d1957-10aAmerican alchemyh[electronic resource] :bthe California Gold Rush and middle-class culture /cBrian Roberts. aChapel Hill :bUniversity of North Carolina Press,cc2000. axii, 328 p. :bill.1 aCultural studies of the United States aIncludes bibliographical references and index. aElectronic reproduction.bPalo Alto, Calif. :cebrary,d2013.nAvailable via World Wide Web.nAccess may be limited to ebrary affiliated libraries. 0aFrontier and pioneer lifezCalifornia. 0aFrontier and pioneer lifezWest (U.S.) 0aPioneerszCaliforniaxHistoryy19th century. 0aPioneerszNortheastern StatesxHistoryy19th century. 0aMiddle classzCaliforniaxHistoryy19th century. 0aMiddle classzNortheastern StatesxHistoryy19th century. 0aCaliforniaxGold discoveriesxSocial aspects. 0aCaliforniaxSocial conditions. 0aNortheastern StatesxSocial conditionsy19th century. 7aElectronic books.2local2 aebrary, Inc. 0aCultural studies of the United States.40uhttp://site.ebrary.com/lib/rucke/Doc?id=10041253zAn electronic book accessible through the World Wide Web; click to view c61083d61083